000 01937nam a22001577a 4500
041 _aukr
080 _a09
090 _bАНД
100 _aАндросова О.В.
245 _aЛінгво-когнітивні особливості ідіостилю поета-пісенника Браяна Адамса в лексичному фонді на позначення кохання
260 _aОстрог
_bКАФ
_c2010
300 _a67
520 _aВСТУП РОЗДІЛ 1 КОГНІТИВНИЙ ПІДХІД ДО АНАЛІЗУ АВТОРСЬКОГО ТЕКСТУ 1.1 Концепт як основне поняття когнітивної лінгвістики. 1.2 Субєктивна природа концепту. РОЗДІЛ 2 ДОСЛІДЖЕННЯ ЛІНГВО-КОГНІТИВНИХ ОСОБЛИВОСТЕЙ ІДІОСТИЛЮ АВТОРА ПІСЕННИХ ТЕКСТІВ 2.1 Ідіостиль з точки зору когнітивної поетики. 2.2 Пісенний текст як обєкт дослідження когнітивної поетики. 2.3 Лексико-стилістичні засоби увиразнення пісенних текстів. 2.4 Концептуальна метафора особливий прийом вербалізації мислення. РОЗДІЛ 3 ОСОБЛИВОСТІ ІДІОСТИЛЮ БРАЯНА АДАМСА В ЛЕКСИЧНОМУ ФОНДІ НА ПОЗНАЧЕННЯ КОХАННЯ 3.1 Концепт КОХАННЯ в пісенних текстах Браяна Адамса. 3.2 Лексико-стилістичні засоби на позначення кохання. 3.3 Концептуальні метафори кохання в пісенних текстах Браяна Адамса. ВИСНОВКИ
_0когнітивний підхід, Браян Адамс
650 _aResearch Papers
999 _c284325
_d284325
942 _cBK